MARC

LEADER 00000nam0a2200000 4500
001 220713
005 20250519110256.0
010 |a 5020291234 
035 |a (RuTPU)RU\TPU\book\240845 
090 |a 220713 
100 |a 20120829d1990 k a0rusy5003 ca 
101 0 |a rus 
102 |a RU 
105 |a y z 001zy 
200 1 |a Концептуализация и смысл  |e сборник научных трудов  |f Академия наук СССР (АН СССР), Сибирское отделение (СО), Институт истории, филологии и философии ; под ред. И. В. Полякова 
210 |a Новосибирск  |c Наука  |d 1990 
215 |a 239 с.  |d 22 см 
610 1 |a семантика 
610 1 |a концептуализация 
610 1 |a смысл 
610 1 |a языки программирования 
610 1 |a трансформация 
610 1 |a философские проблемы 
686 |a Ю41  |2 rubbk 
686 |a А518.13  |2 rubbk 
702 1 |a Поляков  |b И. В.  |g Игорь Владимирович  |4 340 
712 0 2 |a Академия наук СССР (АН СССР)  |b Сибирское отделение (СО)  |b Институт истории, филологии и философии  |c (Новосибирск)  |3 (RuTPU)RU\TPU\col\11501 
801 0 |a RU  |b RuMRKP  |c 19960705  |g psbo 
801 1 |a RU  |b 63413507  |c 20120829 
801 2 |a RU  |b 63413507  |c 20120831  |g RCR 
850 |a 63413507 
942 |c BK